000 00658nam a2200205Ii 4500
003 JO-AjNU
008 230605s9999||||xx |||||||||||||| ||und||
040 _aJO-AjNU
_bara
_erda
_cJO-AjNU
041 _aara
050 1 4 _aPR6007.U7.C5312 1992
100 3 _aداريل، لورنس ؛ ترجمة فخري لبيب,
_eauthor
_910396
245 0 0 _aكليا: رواية
250 _aط1
264 3 1 _aالكويت: دار سعاد الصباح، 1992
300 _a356ص
336 _atext
_btxt
_2rdacontent
337 _aunmediated
_bn
_2rdamedia
338 _avolume
_bnc
_2rdacarrier
650 4 _aالأدب الإنجليزي - قصص مترجمة
_910397
999 _aA1785
_c5353
_d5353